000
00277nam a2200133Ia 4500
008
220613s9999||||xx |||||||||||||| ||und||
100
_a
Anthony Kerrigan
245
0
_a
Our Lord Don Quixote
250
_a
1967
260
_b
XX
300
_a
553
650
_a
Other
942
_c
GB
999
_c
3259
_d
3259